000 00327nam a2200109Ia 4500
008 220204s9999 xx 000 0 und d
082 _a065
_bGOE.1-2
100 _aGoel, S L
245 0 _aModernizing administrative management: Management techniques and administrative research. 2 V.
260 _aIndia
_bArun
_c1981
942 _cBK
999 _c36557
_d36557